Monarchs of France by Picture - Statistics

General Stats
  • This quiz has been taken 104 times
  • The average score is 28 of 50
Answer Stats
Picture Hint Answer % Correct
1774-1792 (Bourbon) Louis XVI
86%
1643-1715 (Bourbon) Louis XIV the Sun King
85%
1715-1774 (Bourbon) Louis XV
85%
1804-1814/1815 (Bonaparte) Napoleon I
84%
1852-1870 (Bonaparte) Napoleon III
84%
1610-1643 (Bourbon) Louis XIII
79%
1814/1815-1824 (Bourbon) Louis XVIII
78%
1830-1848 (Orleans) Louis Philippe I
73%
1589-1610 (Bourbon) Henry IV
70%
1515-1547 (Valois) Francis I
67%
1824-1830 (Bourbon) Charles X
64%
1559-1560 (Valois) Francis II
62%
1547-1559 (Valois) Henry II
62%
1574-1589 (Valois) Henry III
62%
843-877 (Carolingians) Charles II the Bald
60%
1422-1461 (Valois) Charles VII the Victorious
60%
1380-1422 (Valois) Charles VI the Mad
59%
987-996 (Capet) Hugh Capet
59%
1461-1483 (Valois) Louis XI the Prudent
58%
1483-1498 (Valois) Charles VIII
55%
1560-1574 (Valois) Charles IX
53%
879-882 (Carolingians) Louis III
53%
877-879 (Carolingians) Louis II the Stammerer
53%
1226-1270 (Capet) Louis IX the Saint
53%
1498-1515 (Valois) Louis XII
53%
1364-1380 (Valois) Charles V the Wise
52%
1350-1364 (Valois) John II the Good
52%
922-923 (Robertians) Robert I
52%
1316 (Capet) John I the Posthumous
51%
936-954 (Carolingians) Louis IV
51%
1223-1226 (Capet) Louis VIII the Lion
51%
1137-1180 (Capet) Louis VII the Young
51%
1108-1137 (Capet) Louis VI the Fat
51%
1322-1328 (Capet) Charles IV the Fair
49%
986-987 (Carolingians) Louis V
49%
1314-1316 (Capet) Louis X the Quarreller
49%
888-898 (Robertians) Odo
49%
1285-1314 (Capet) Philip IV the Fair
48%
885-888 (Carolingians) Charles the Fat
47%
1180-1223 (Capet) Philip II Augustus
47%
1270-1285 (Capet) Philip III the Bold
45%
1328-1350 (Valois) Philip VI the Fortunate
45%
1316-1322 (Capet) Philip V the Tall
45%
898-922 (Carolingians) Charles III the Simple
42%
1060-1108 (Capet) Philip I the Amorous
41%
1031-1060 (Capet) Henry I
37%
996-1031 (Capet) Robert II the Pious
37%
923-936 (Bosonids) Rudolph
32%
879-884 (Carolingians) Carloman II
27%
954-986 (Carolingians) Lothair
27%
No matching quizzes found
Score Distribution
Percent of People with Each Score
Percentile by Number Answered
Your Score History
You have not taken this quiz